Hurdle Technologies : Combination Treatments for Food Stability, Safety and Quality /

<STRONG>Hurdle Technologies: Combination Treatments for Food Stability, Safety and Quality</STRONG> is the first work on hurdle technology in which all aspects, the possibilities and limitations of hurdle technology, are comprehensively outlined and evaluated. World-renowned on the subje...

Full description

Bibliographic Details
Main Author: Leistner, Lothar
Corporate Author: SpringerLink (Online service)
Other Authors: Gould, Grahame W.
Format: eBook
Language:English
Published: Boston, MA : Springer US : Imprint : Springer, 2002.
Series:Food engineering series.
Subjects:
Online Access:Connect to the full text of this electronic book

MARC

Tag First Indicator Second Indicator Subfields
LEADER 00000cam a2200000Ma 4500
001 in00003555804
006 m o d
007 cr nn|||||||||
008 121227s2002 mau o 000 0 eng d
005 20260421180644.9
020 |a 9781461507437 (electronic bk.) 
020 |a 146150743X (electronic bk.) 
035 |a (OCoLC)840283502 
040 |a I9W  |b eng  |e pn  |c I9W  |d OCLCO  |d OCLCQ  |d GW5XE  |d OCLCF  |d UtOrBLW 
049 |a TXAM 
050 4 |a TP371.2 
082 0 4 |a 664  |2 21 
100 1 |a Leistner, Lothar. 
245 1 0 |a Hurdle Technologies :  |b Combination Treatments for Food Stability, Safety and Quality /  |c by Lothar Leistner, Grahame W. Gould. 
264 1 |a Boston, MA :  |b Springer US :  |b Imprint :  |b Springer,  |c 2002. 
300 |a 1 online resource (208 pages) 
336 |a text  |b txt  |2 rdacontent 
337 |a computer  |b c  |2 rdamedia 
338 |a online resource  |b cr  |2 rdacarrier 
490 1 |a Food Engineering Series, 1571-0297 
520 |a <STRONG>Hurdle Technologies: Combination Treatments for Food Stability, Safety and Quality</STRONG> is the first work on hurdle technology in which all aspects, the possibilities and limitations of hurdle technology, are comprehensively outlined and evaluated. World-renowned on the subject, Leistner and Gould were instrumental in the development of the hurdle technology concept and in the last decades have obtained much practical experience in the application of this successful approach in the food industry worldwide. 
500 |a Electronic resource. 
650 0 |a Food  |x Preservation. 
650 7 |a Food  |x Preservation.  |2 fast  |0 (OCoLC)fst00930571 
655 7 |a Electronic books.  |2 local 
700 1 |a Gould, Grahame W. 
710 2 |a SpringerLink (Online service) 
830 0 |a Food engineering series. 
856 4 0 |u http://proxy.library.tamu.edu/login?url=https://link.springer.com/10.1007/978-1-4615-0743-7  |z Connect to the full text of this electronic book  |t 0 
994 |a 92  |b TXA 
999 |a MARS 
999 f f |s 41bad9bc-d087-3395-b2ec-6f183194c009  |i 75939193-bb75-3248-b419-1e8a96dd5889  |t 0 
952 f f |a Texas A&M University  |b College Station  |c Electronic Resources  |s www_evans  |d Available Online  |t 0  |e TP371.2  |h Library of Congress classification 
998 f f |a TP371.2  |t 0  |l Available Online